Toward a perfect love : (Record no. 9852)
[ view plain ]
| 000 -LEADER | |
|---|---|
| fixed length control field | 01069cam a2200301 a 4500 |
| 001 - CONTROL NUMBER | |
| control field | 3805278 |
| 003 - CONTROL NUMBER IDENTIFIER | |
| control field | OSt |
| 005 - DATE AND TIME OF LATEST TRANSACTION | |
| control field | 20210204164746.0 |
| 008 - FIXED-LENGTH DATA ELEMENTS--GENERAL INFORMATION | |
| fixed length control field | 850719s1986 oru b 001 0 eng |
| 010 ## - LIBRARY OF CONGRESS CONTROL NUMBER | |
| LC control number | 85015470 |
| 020 ## - INTERNATIONAL STANDARD BOOK NUMBER | |
| International Standard Book Number | 088070103X : |
| Terms of availability | $10.95 |
| 040 ## - CATALOGING SOURCE | |
| Original cataloging agency | DLC |
| Transcribing agency | DLC |
| Modifying agency | DLC |
| 050 00 - LIBRARY OF CONGRESS CALL NUMBER | |
| Classification number | BX2349 |
| Item number | H656T |
| 082 00 - DEWEY DECIMAL CLASSIFICATION NUMBER | |
| Classification number | 248.4/82 |
| Edition number | 19 |
| Item number | H656T |
| 100 1# - MAIN ENTRY--PERSONAL NAME | |
| Personal name | Hilton, Walter, |
| Dates associated with a name | -1396. |
| 245 10 - TITLE STATEMENT | |
| Title | Toward a perfect love : |
| Remainder of title | the spiritual counsel of Walter Hilton / |
| Statement of responsibility, etc. | Walter Hilton ; translated and introduced by David L. Jeffrey. |
| 260 ## - PUBLICATION, DISTRIBUTION, ETC. | |
| Place of publication, distribution, etc. | Portland, Or. : |
| Name of publisher, distributor, etc. | Multnomah Press, |
| Date of publication, distribution, etc. | c1985. |
| 300 ## - PHYSICAL DESCRIPTION | |
| Extent | xxix, 182 p. ; |
| Dimensions | 22 cm. |
| 490 1# - SERIES STATEMENT | |
| Series statement | Classics of faith & devotion |
| 504 ## - BIBLIOGRAPHY, ETC. NOTE | |
| Bibliography, etc. note | Includes bibliographies and index. |
| 505 0# - FORMATTED CONTENTS NOTE | |
| Formatted contents note | Letters to a layman -- Coming to perfection. |
| 650 #0 - SUBJECT ADDED ENTRY--TOPICAL TERM | |
| Topical term or geographic name entry element | Spiritual life |
| General subdivision | Catholic Church. |
| 700 1# - ADDED ENTRY--PERSONAL NAME | |
| Personal name | Jeffrey, David L., |
| Dates associated with a name | 1941- |
| 700 12 - ADDED ENTRY--PERSONAL NAME | |
| Personal name | Hilton, Walter, |
| Dates associated with a name | -1396. |
| Title of a work | Epistle on the medled life. |
| Date of a work | 1985. |
| 830 #0 - SERIES ADDED ENTRY--UNIFORM TITLE | |
| Uniform title | Classics of faith and devotion. |
| 906 ## - LOCAL DATA ELEMENT F, LDF (RLIN) | |
| a | 7 |
| b | cbc |
| c | orignew |
| d | 1 |
| e | ocip |
| f | 19 |
| g | y-gencatlg |
| 942 ## - ADDED ENTRY ELEMENTS (KOHA) | |
| Source of classification or shelving scheme | Dewey Decimal Classification |
| Koha item type | Books |
| Withdrawn status | Lost status | Source of classification or shelving scheme | Damaged status | Not for loan | Collection code | Home library | Current library | Shelving location | Date acquired | Total Checkouts | Full call number | Barcode | Date last seen | Price effective from | Koha item type |
|---|---|---|---|---|---|---|---|---|---|---|---|---|---|---|---|
| Dewey Decimal Classification | Non-fiction | Harvest Mission College | Harvest Mission College | General Stacks | 09.02.2021 | 248.482 H656T | 011294 | 09.02.2021 | 09.02.2021 | Books |
